000 01272cam a2200325 i 4500
001 18671
003 CO-MdFUSB
005 20220903092805.0
008 220903t2013 sp |||| |||| 00| 0 spa d
020 _a978-84-2493-669-3
040 _bspa.
_aCO-MdFUSB
_cCO-MdFUSB
_dCO-MdFUSBC
_erda
041 _aspa
082 0 4 _aA3664a
100 1 _aAlejandro de Afrodisias = Acerca del Destino
_eAutor
245 1 0 _aAcerca del Alma / Alejandro de Afrodisias ;
_c/ traducción, introducción y notas de José Manuel García Valverde
264 1 _aMadrid :
_bGredos,
_c[2013]
264 4 _c© 2013
300 _a366 páginas
_c;
336 _2rdacontent
_atexto
_btxt
337 _2rdamedia
_asin mediación
_bn
338 _2rdacarrier
_avolumen
_bnc
501 _apasta dura
505 _aAcerca del Alma : La tradición peripatética desde Aristotpeles hasta Alejandro de Afrodisias -- Alejandro de Afrodisias: vida y obra -- El tratado Acerca del alma: la psicología de Alejandro de Afrodisias -- ¿Alejandro místico? Acerca del Destino : Introducción -- Notas de crítica textual -- Bibliografía -- Acerca del Destino
653 _aRetorica
653 _aAlejandro de afrodisias
653 _aAlma
653 _aDestino
942 _cBK
945 _aEstudiante
999 _c45084
_d45084